000 00455 a2200169 4500
020 _a0130328995
022 _a9780130328991
082 _a658.151122
090 _c2721
_d2721
100 _aAnthony,A.Atkinson
245 _aManagement Accounting
_cAnthony A.Atkinson
250 _aInternational edition
260 _aNew Jersey
_bPrentice Hall International,Inc.
_c2001
300 _a595p
500 _aPaper cover
942 _aNBS
_cBK
_k658.151122 ATK
999 _c345212
_d345212